• 首页
  • 本馆介绍
  • 公告通知
  • 最新文献
  • 馆藏检索
  • 电子资源
  • 读者导购
  • 参考咨询
  • 我的图书馆
  • 登录
  • 详细信息显示
  • 放入我的书架
  • 预约/预借图书
  • 作者相关作品
  • 分类相关作品
  • 丛书相关作品
  • 出版社相关作品

书目信息

  • 表格格式
  • 工作单格式
  • 卡片格式
题名:
食品安全标准实施与应用
    
 
作者: 王竹天 , 王君 主编
分册:  
出版信息: 北京   中国质检出版社  2015
页数: 242页
开本: 25cm
丛书名: 食品安全保障体系系列丛书
单 册:
中图分类: TS201.6
科图分类:
主题词: 食品标准--安全标准--研究--中国
电子资源:
ISBN: 978-7-5026-4093-4
000 01197oam2 2200277 450
001 012015000118
005 20151130142555.06
010    @a978-7-5026-4093-4@dCNY58.00
100    @a20151126d2015 em y0chiy50 ea
101 0  @achi
102    @aCN@b110000
105    @aa z 000yy
106    @ar
200 1  @a食品安全标准实施与应用@Ashi pin an quan biao zhun shi shi yu ying yong@dFood safety standard implementation and application@f王竹天,王君主编@zeng
210    @a北京@c中国质检出版社@c中国标准出版社@d2015
215    @a242页@c图@d25cm
225 2  @a食品安全保障体系系列丛书
330    @a本书从标准的制修订背景、制修订原则、标准主要内容解读、标准的实施与应用等方面对食品中污染物标准、微生物标准、放射性核素标准、农药残留标准、兽药残留标准、食品添加剂使用标准、营养强化剂使用标准、食品包装材料标准、预包装食品标签标准等基础标准进行深入解读。
410  0 @12001 @a食品安全保障体系系列丛书
510 1  @aFood safety standard implementation and application@zeng
606 0  @a食品标准@x安全标准@x研究@y中国
690    @aTS201.6@v5
701  0 @a王竹天@Awang zhu tian@4主编
701  0 @a王君@Awang jun@c(女)@4主编
801  0 @aCN@b碧洲教育@c20151127
905    @a10447@f4@dTS201.6@e182
    
    食品安全标准实施与应用=Food safety standard implementation and application/王竹天,王君主编.-北京:中国质检出版社:中国标准出版社,2015
    242页:图;25cm.-(食品安全保障体系系列丛书)
    
    
    ISBN 978-7-5026-4093-4:CNY58.00
    本书从标准的制修订背景、制修订原则、标准主要内容解读、标准的实施与应用等方面对食品中污染物标准、微生物标准、放射性核素标准、农药残留标准、兽药残留标准、食品添加剂使用标准、营养强化剂使用标准、食品包装材料标准、预包装食品标签标准等基础标准进行深入解读。
●
相关链接 在E读中查询图书 在五车中查询图书 在当当中查询图书 在豆瓣中查询图书


正题名:食品安全标准实施与应用     索取号:TS201.6/182         预约/预借

序号 登录号 条形码 馆藏地/架位号 状态 备注
1 0871290   208712909   第二样本阅览室/ [索取号:TS201.6/182] 在馆    
2 0871291   208712918   第三借阅区/ [索取号:TS201.6/182] 在馆    
3 0871292   208712927   第三借阅区/ [索取号:TS201.6/182] 在馆    
4 0871293   208712936   第三借阅区/ [索取号:TS201.6/182] 在馆    
唐山师范学院图书馆 欢迎您!
大连网信软件有限公司© 版权所有